| 000 | 00000nam##2200000za#4500 |
| 001 | 9.581473 |
| 003 | CaOODSP |
| 005 | 20251031142446 |
| 007 | cr ||||||||||| |
| 008 | 150406|2014||||xxc|||||o f|0| 0 eng|d |
| 040 | |aCaOODSP|beng |
| 043 | |an-cn--- |
| 086 | 1 |aM183-2/7660E-PDF |
| 110 | 2 |aGeological Survey of Canada. |
| 245 | 10|aGeological Survey of Canada aeromagnetic surveys : |h[electronic resource]|bdesign, quality assurance, and data dissemination / |c[by] M. Coyle, R. Dumont, P. Keating, F. Kiss, and W. Miles. |
| 260 | |aOttawa - Ontario : |bNatural Resources Canada. |c2014. |
| 300 | |a48p.|bfigs., graphs, references, tables |
| 490 | 1 |aOpen file (Geological Survey of Canada)|v7660 |
| 590 | |a15-08|b2015-02-20 |
| 830 | #0|aOpen file (Geological Survey of Canada)|v7660|w(CaOODSP)9.506878 |
| 856 | 40|ahttp://publications.gc.ca|qPDF|s2.57 MB|uhttps://publications.gc.ca/collections/collection_2015/rncan-nrcan/M183-2-7660-eng.pdf|y7660 |